[Event "Asian Continental 2012"]
[Site "Ho Chi Minh City VIE"]
[Date "2012.05.06"]
[Round "2.33"]
[White "Lou Yiping"]
[Black "Li Hanbin"]
[Result "1-0"]
[WhiteElo "2428"]
[BlackElo "2289"]

1.d4 d5 2.c4 c6 3.Nc3 Nf6 4.e3 e6 5.Nf3 Nbd7 6.Bd3 dxc4 7.Bxc4 b5 8.Bd3 Bb7
9.O-O Bd6 10.a3 O-O 11.Bd2 a5 12.Qc2 b4 13.axb4 axb4 14.Na4 c5 15.dxc5 Rc8
16.Be2 Nxc5 17.Bxb4 Bxf3 18.Bxf3 Nxa4 19.Qxa4 Rc4 20.Bxd6 Rxa4 21.Bxf8 Rxa1
22.Rxa1 h6 23.Bc5 Qd2 24.Bd4 Kh7 25.g3 Kg6 26.h4 h5 27.Bc3 Qc2 28.Ra5 Nd5
29.Bd4 Qf5 30.Be2 Qb1+ 31.Kg2 f6 32.Bf3 Qd3 33.Rc5 Kh6 34.Rc6 e5 35.Bxe5 Qb5
36.Re6 Kh7 37.Bd4 Nc7 38.Rc6 Na6 39.Rb6 Qc4 40.Be4+ Kh6 41.b3 Qe2 42.Be5 Nc5
43.Bf4+ g5 44.hxg5+ Kg7 45.gxf6+  1-0

[Event "Asian Continental w 2012"]
[Site "Ho Chi Minh City VIE"]
[Date "2012.05.06"]
[Round "2.6"]
[White "Tuvshintugs,B"]
[Black "Nguyen Thi Mai Hung"]
[Result "1-0"]
[WhiteElo "2363"]
[BlackElo "2237"]

1.d4 d5 2.c4 c6 3.Nf3 Nf6 4.Nc3 e6 5.e3 Be7 6.Bd3 Nbd7 7.O-O b6 8.Ne5 Bb7
9.cxd5 cxd5 10.f4 O-O 11.Qf3 Rc8 12.Bd2 Ne8 13.f5 Nxe5 14.dxe5 d4 15.Qxb7 dxc3
16.Bxc3 Rc7 17.Qe4 exf5 18.Qxf5 g6 19.Qe4 Ng7 20.Rad1 Ne6 21.Bc4 Rd7 22.Qf3 Rxd1
23.Rxd1 Qc8 24.Bb3 Bc5 25.h3 Re8 26.Kh2 Bf8 27.Qg4 Bg7 28.Ba4 Re7 29.Kh1 Qb8
30.Qh4 Qc7 31.Qe4 Qb8 32.Qd5 Rc7 33.Bd7 Rc5 34.Qb3 Nf8 35.Rf1 Nxd7 36.Rxf7 Kh8
37.Rxd7 Bxe5 38.Qf7  1-0

[Event "42nd Bosna Open B"]
[Site "Sarajevo BIH"]
[Date "2012.05.06"]
[Round "2.2"]
[White "Hodzic,N"]
[Black "Jelen,Darko"]
[Result "1-0"]
[WhiteElo "2263"]
[BlackElo "2086"]

1.d4 d5 2.c4 c6 3.Nc3 Nf6 4.Nf3 e6 5.e3 Nbd7 6.Bd3 Bd6 7.O-O O-O 8.e4 dxe4
9.Nxe4 Nxe4 10.Bxe4 h6 11.Bc2 b6 12.Qd3 f5 13.Re1 Nf6 14.b3 Re8 15.Bb2 Bb7
16.Rad1 Qc7 17.c5 Bf8 18.Ne5 Rad8 19.cxb6 axb6 20.g4 Bc8 21.gxf5 exf5 22.Qf3 Bd6
23.Bxf5 Bxf5 24.Qxf5 Bxe5 25.dxe5 Rxd1 26.Rxd1 Nd5 27.e6 Qe7 28.Re1 Rf8 29.Qg4 Rf4
30.Qg6 Rf8 31.Qg3 Rf5 32.Kh1 Rg5 33.Qf3 Rg6 34.Qf5 Rg5 35.Qf3 Rg6 36.Qe4 Qg5
37.f4 Qh5 38.f5 Rg4 39.Qe5 Qh3 40.Qe2 Ne7 41.f6 gxf6 42.Bxf6 Nd5 43.e7 Nxf6
44.e8=Q+ Nxe8 45.Qxe8+ Kg7 46.Re7+ Kf6 47.Qf7+ Kg5 48.Re5+  1-0

[Event "42nd Bosna Open B"]
[Site "Sarajevo BIH"]
[Date "2012.05.06"]
[Round "3.22"]
[White "Jamak,A"]
[Black "Strinic,H"]
[Result "0-1"]
[WhiteElo "1916"]
[BlackElo "2162"]

1.d4 d5 2.Nf3 Nf6 3.c4 c6 4.e3 e6 5.Nc3 Bd6 6.Be2 Nbd7 7.Qc2 O-O 8.Bd2 b6
9.O-O Bb7 10.a3 Rc8 11.b4 Bb8 12.c5 e5 13.Qf5 e4 14.Ne1 g6 15.Qh3 Qe7 16.f3 Rcd8
17.fxe4 Nxe4 18.Nxe4 dxe4 19.Bc4 b5 20.Bb3 Bc8 21.Qh6 Nf6 22.Qg5 Kg7 23.Nc2 Bxh2+
24.Kh1 Bb8 25.Be1 h6 26.Qh4 g5 27.Qf2 Nd5 28.a4 Qe6 29.axb5 cxb5 30.Bd2 a6
31.Na3 Qg6 32.g3 Qh5+ 33.Kg2 Qh3+ 34.Kg1 Bxg3 35.Qg2 Qh4 36.Nc2 Bh3 37.Qh1 Qg4
38.Rxa6 Bh4+  0-1

[Event "42nd Bosna Open B"]
[Site "Sarajevo BIH"]
[Date "2012.05.06"]
[Round "3.17"]
[White "Hadzi Manev,L"]
[Black "Vujicic,Dragisa"]
[Result "0-1"]
[WhiteElo "2079"]
[BlackElo "1845"]

1.d4 d5 2.c4 c6 3.Nf3 Nf6 4.Nc3 e6 5.e3 Nbd7 6.Bd3 Bd6 7.O-O O-O 8.e4 dxc4
9.Bxc4 e5 10.Bg5 Qe7 11.d5 Nb6 12.Bb3 Bg4 13.h3 Bh5 14.dxc6 bxc6 15.g4 Bg6
16.Nh4 a5 17.Rc1 Rab8 18.Qe2 Kh8 19.Rfd1 Bc5 20.Nf5 Qa7 21.Na4 Nxa4 22.Bxf6 gxf6
23.Bxa4 Bxf5 24.exf5 Rb4 25.Bxc6 Rf4 26.Rf1 Rc8 27.Bd5 Rxf2 28.Rxf2 Bxf2+
29.Qxf2 Rxc1+ 30.Kg2 Qxf2+ 31.Kxf2 Rc2+ 32.Kf3 Kg7 33.h4 h6  0-1

[Event "Asian Continental 2012"]
[Site "Ho Chi Minh City VIE"]
[Date "2012.05.07"]
[Round "3.21"]
[White "Deepan,C"]
[Black "Jumabayev,R"]
[Result "1/2-1/2"]
[WhiteElo "2461"]
[BlackElo "2556"]

1.c4 Nf6 2.Nc3 e6 3.Nf3 d5 4.d4 c6 5.e3 Nbd7 6.Qc2 Bd6 7.Bd3 O-O 8.O-O dxc4
9.Bxc4 a6 10.a4 c5 11.dxc5 Bxc5 12.e4 Ng4 13.Bf4 Qf6 14.Bg3 b6 15.Ba2 Bb7
16.Qe2 Nge5 17.Nxe5 Nxe5 18.Rad1 Rfd8 19.Kh1 Nc6 20.e5 Qe7 21.Bb1 Rxd1 22.Rxd1 Rd8
23.Ne4 Nd4 24.Qg4 Nf5 25.Nxc5 bxc5 26.Qe2 h6 27.Bxf5 exf5 28.f3 Rd4 29.Rxd4 cxd4
30.Qc4 Qd7 31.Bf2 d3 32.Bd4 d2 33.Qd3 Qxa4 34.Qxd2 Bd5 35.h3  1/2-1/2

[Event "Asian Continental 2012"]
[Site "Ho Chi Minh City VIE"]
[Date "2012.05.07"]
[Round "3.5"]
[White "Zhao Jun"]
[Black "Nguyen Duc Hoa"]
[Result "1-0"]
[WhiteElo "2577"]
[BlackElo "2496"]

1.c4 e6 2.Nc3 d5 3.d4 c6 4.e3 Nf6 5.Nf3 Nbd7 6.Qc2 Bd6 7.b3 O-O 8.Be2 dxc4
9.bxc4 e5 10.O-O Re8 11.Bb2 Qe7 12.Rae1 b6 13.Ba1 Bc7 14.a4 Bb7 15.a5 Rab8
16.axb6 axb6 17.Bb2 Ra8 18.Ra1 exd4 19.exd4 b5 20.Rae1 bxc4 21.Bxc4 Qb4 22.Na2 Qb6
23.Rb1 Ba6 24.Bxa6 Qxa6 25.Nb4 Qb5 26.Nxc6 Rac8 27.Rfc1 Qh5 28.h3 Nd5 29.Nce5 Nxe5
30.dxe5 Nf4 31.Qe4 Ne6 32.Ba3 Rcd8 33.Rb7 Bb8 34.Rcb1 h6 35.Qg4 Qxg4 36.hxg4 Bc7
37.Rc1 Rd3 38.Bc5 Rd5 39.Bd4 Bb8 40.Bb2 Nf4 41.Rb1 Ne6 42.g3 Bc7 43.Rc1 Bb8
44.Kg2 Red8 45.Rc2 Ra5 46.Rd2 Ba7 47.Rxd8+ Nxd8 48.Rb3 Ne6 49.Ra3 Rb5 50.Bc3 Bc5
51.Ra4 Rb3 52.Rc4 Ra3 53.Ne1 Kh7 54.Nd3 Bd4 55.Bxd4 Rxd3 56.Be3 Rb3 57.Kf3 Ng5+
58.Kg2 Ne6 59.Kf3 Ng5+ 60.Ke2 Rb2+ 61.Bd2 Nf3 62.Kxf3 Rxd2 63.Rc7 Kg8 64.Ke3 Ra2
65.Rc3 g6 66.f4 Ra4 67.Rd3 Kf8 68.Kf3 Ra5 69.Rb3 Ke7 70.Rb7+ Ke6 71.Rb6+ Ke7
72.Rb3 Ke6 73.Rc3 Ra6 74.Rc8 Ra3+ 75.Kg2 Ra2+ 76.Kh3 Ra6 77.Rh8 Ra1 78.Rb8 Kd5
79.Rb4 Rc1 80.Rb2 Ke4 81.Kg2 Ra1 82.Re2+ Kd5 83.Kf3 Rf1+ 84.Ke3 Rg1 85.Rd2+ Ke6
86.Kf2 Ra1 87.Rd6+ Ke7 88.Ke3 Re1+ 89.Kd2 Rg1 90.Rd3 f6 91.exf6+ Kxf6 92.Ke2 Ra1
93.Rd6+ Kf7 94.Rd7+ Kf6 95.Rh7 Ra3 96.Kf2 Ra2+ 97.Kf3 Ra3+ 98.Kg2 Ra2+ 99.Kh3 Ra1
100.Rxh6 Kg7 101.g5 Ra3 102.Kg4 Rb3 103.Rh1 Ra3 104.Kh3 Ra2 105.Rh2 Ra3 106.Re2 Ra4
107.Kg2 Rb4 108.Kf3 Ra4 109.Re3 Rb4 110.Rd3 Ra4 111.Ke3 Rb4 112.Kf3 Ra4 113.g4 Ra5
114.Rd7+ Kg8 115.Ke4 Ra4+ 116.Ke5 Ra5+ 117.Rd5 Ra4 118.f5 Rxg4 119.Kf6 Rxg5  1-0

[Event "42nd Bosna Open B"]
[Site "Sarajevo BIH"]
[Date "2012.05.08"]
[Round "5.7"]
[White "Jovic,Ste"]
[Black "Hutinovic,H"]
[Result "1-0"]
[WhiteElo "2262"]
[BlackElo "2044"]

1.d4 e6 2.c4 d5 3.Nc3 Nf6 4.Nf3 c6 5.e3 Nbd7 6.Qc2 Bd6 7.Be2 dxc4 8.Bxc4 b5
9.Bd3 Bb7 10.O-O a6 11.h3 O-O 12.Ng5 h6 13.Nge4 Be7 14.Rd1 Qb6 15.Nxf6+ Bxf6
16.b4 a5 17.Ba3 Rfc8 18.Ne4 axb4 19.Bxb4 Ra4 20.a3 c5 21.dxc5 Qc6 22.Rac1 Be7
23.f3 Ne5 24.Be2 Ba6 25.Qd2 Nc4 26.Bxc4 bxc4 27.Nc3 Bf6 28.Nxa4 Qxa4 29.Qc2 Qb3
30.Qxb3 cxb3 31.Rd2 b2 32.Rb1 Bb5 33.Kf2 Kf8 34.e4 g5 35.Ke3 Be5 36.g3 Bxg3
37.Rdxb2 Rd8 38.Rb3 f5 39.c6+ Kf7 40.Bd6 f4+ 41.Kd4 Bf2+ 42.Ke5 Bxc6 43.Rb8 Rd7
44.Rf8+ Kg7 45.Rbb8 Kg6 46.Kxe6 Rh7 47.Be7 Bd4 48.Rfc8 Ba4 49.Rc4 Be5 50.Rg8+ Kh5
51.Rxa4 Bb2 52.Ra7 Bxa3 53.Rxa3 Kh4 54.Re8 Kxh3 55.Kf5 h5 56.Kg6  1-0

[Event "Asian Continental 2012"]
[Site "Ho Chi Minh City VIE"]
[Date "2012.05.09"]
[Round "5.32"]
[White "Le Quang Long"]
[Black "Tan Weiliang"]
[Result "1-0"]
[WhiteElo "2351"]
[BlackElo "2222"]

1.d4 d5 2.c4 c6 3.Nf3 Nf6 4.Nc3 e6 5.e3 Nbd7 6.Qc2 b6 7.Bd3 Bb7 8.O-O Bd6
9.Rd1 h6 10.Qe2 Qe7 11.Bd2 O-O 12.e4 dxe4 13.Nxe4 Nxe4 14.Bxe4 Rae8 15.Bc3 e5
16.Qc2 exd4 17.Bh7+ Kh8 18.Nxd4 Be5 19.Nf5 Qg5 20.Rxd7 Bc8 21.h4 Qf4 22.g3 Qg4
23.Re7 Bxc3 24.bxc3 g6 25.Nxh6 Qf3 26.Nxf7+  1-0

[Event "14th Salou Open"]
[Site "Salou ESP"]
[Date "2012.05.09"]
[Round "7.4"]
[White "Pogorelov,R"]
[Black "Ibarra Jerez,JC"]
[Result "1/2-1/2"]
[WhiteElo "2408"]
[BlackElo "2523"]

1.Nf3 d5 2.d4 Nf6 3.c4 e6 4.Nc3 c6 5.e3 a6 6.Qc2 c5 7.cxd5 exd5 8.Be2 Nc6
9.O-O Be6 10.Rd1 Nb4 11.Qb1 Qc8 12.Bd2 Bf5 13.Qc1 c4 14.Ne5 Bd6 15.Na4 Qc7
16.Bxb4 Bxb4 17.Nc3 h5 18.a3 Bd6 19.f4 b5 20.Bf3 Be4 21.Bxe4 dxe4 22.Rf1 Qb7
23.Qe1 h4 24.a4 Rb8 25.axb5 axb5 26.Qe2 Bb4 27.Ng4 Nd5 28.Nxd5 Qxd5 29.f5 f6
30.h3 Bd6 31.Ra7 Rb7 32.Rfa1 O-O 33.Rxb7 Qxb7 34.Nf2 Ra8 35.Rb1 Bg3 36.Qg4 Bxf2+
37.Kxf2 Ra2 38.Kg1 Qd5 39.Qh5 Ra8 40.Qxh4 Qxf5 41.Rf1 Qe6 42.Rf4 Ra1+ 43.Kh2 g5
44.Qg3 Kh7 45.Rf2 Ra6 46.h4 Kg6 47.hxg5 fxg5 48.Qb8 Qd6+ 49.Qxd6+ Rxd6 50.Rf8 Rc6
51.Rb8 c3  1/2-1/2

[Event "Asian Continental w 2012"]
[Site "Ho Chi Minh City VIE"]
[Date "2012.05.10"]
[Round "6.3"]
[White "Zhao Xue"]
[Black "Hoang Thi Bao Tram"]
[Result "1-0"]
[WhiteElo "2549"]
[BlackElo "2356"]

1.d4 d5 2.c4 c6 3.Nc3 Nf6 4.e3 e6 5.Nf3 Nbd7 6.Qc2 Bd6 7.b3 a6 8.Bb2 Qe7
9.Be2 O-O 10.O-O dxc4 11.bxc4 e5 12.Ng5 h6 13.Nge4 Bb8 14.a4 Nxe4 15.Nxe4 Re8
16.d5 c5 17.Bg4 a5 18.Rad1 b6 19.d6 Qd8 20.f4 Bb7 21.Bxd7 Qxd7 22.fxe5 Bc6
23.Ra1 Qg4 24.Ng3 Ra7 25.Rf4 Qg5 26.Qf2 Re6 27.Rf1 Qg6 28.Qe2 Bxa4 29.Nf5 h5
30.Rh4 Bc6 31.Rxh5 f6 32.exf6 gxf6 33.Rf4 Re4 34.Nh6+ Kh7 35.Ng4+ Kg7 36.Bxf6+  1-0

[Event "42nd Bosna Open B"]
[Site "Sarajevo BIH"]
[Date "2012.05.10"]
[Round "8.12"]
[White "Zlobec,S"]
[Black "Pestek,E"]
[Result "1/2-1/2"]
[WhiteElo "2085"]
[BlackElo "1996"]

1.c4 Nf6 2.Nc3 e6 3.Nf3 d5 4.d4 c6 5.e3 Nbd7 6.Bd3 Bd6 7.O-O O-O 8.Qc2 h6
9.Rd1 Re8 10.e4 dxe4 11.Nxe4 Nxe4 12.Bxe4 Nf6 13.Bd3 Qc7 14.Bd2 e5 15.dxe5 Bxe5
16.Nxe5 Qxe5 17.Re1 Qd6 18.Rxe8+ Nxe8 19.c5 Qd4 20.Bh7+ Kh8 21.Bc3 Qg4 22.Be4 Be6
23.Bf3 Qg5 24.Rd1 Nc7 25.Qd2 Qxd2 26.Rxd2 Bd5 27.Bg4 Re8 28.h3 Kg8 29.Ba5 Ne6
30.Bxe6 Rxe6 31.a3 Kf8 32.Bc7 g6 33.Kh2 h5 34.h4 Re4 35.f4 Ke7  1/2-1/2

[Event "85th ch-St Petersburg"]
[Site "St Petersburg RUS"]
[Date "2012.05.10"]
[Round "6"]
[White "Levin,Ev"]
[Black "Martynov,P2"]
[Result "1-0"]
[WhiteElo "2499"]
[BlackElo "2284"]

1.d4 d5 2.c4 c6 3.Nc3 Nf6 4.e3 e6 5.Nf3 a6 6.b3 Bb4 7.Bd2 Nbd7 8.Bd3 O-O
9.O-O Bd6 10.Qc2 e5 11.cxd5 cxd5 12.e4 exd4 13.Nxd5 Nxd5 14.exd5 Nf6 15.h3 Bd7
16.Rad1 Rc8 17.Qb1 Rc5 18.Bg5 h6 19.Bh4 g5 20.Bg3 Bxg3 21.fxg3 Nxd5 22.Bh7+ Kg7
23.Rxd4 Qb6 24.Kh2 Be6 25.Bd3 Rfc8 26.Qb2 Kg8 27.Qd2 Rc3 28.Nxg5 hxg5 29.Qxg5+ Kf8
30.Qh6+ Ke8 31.Rxd5 Qc7 32.Qh8+ Ke7 33.Qh4+ Ke8 34.Rd4 Qe5 35.Re4 Qg7 36.Bc4 Rc6
37.Rfe1 Kd7 38.Rd4+ Rd6 39.Rxd6+ Kxd6 40.Qd8+ Kc6 41.Qe8+ Kb6 42.Qb8 Bxc4
43.bxc4 Qf6 44.Rb1+  1-0

[Event "47th Capablanca Memorial Premier"]
[Site "Havana CUB"]
[Date "2012.05.11"]
[Round "7.2"]
[White "Ortiz Suarez,I"]
[Black "Papin,V"]
[Result "1/2-1/2"]
[WhiteElo "2572"]
[BlackElo "2570"]

1.d4 Nf6 2.c4 e6 3.Nf3 d5 4.Nc3 c6 5.e3 a6 6.b3 Bb4 7.Bd2 Nbd7 8.Bd3 O-O
9.O-O Qe7 10.Rc1 Rd8 11.Ne2 Ba3 12.Rb1 Bd6 13.Ng3 b6 14.b4 b5 15.c5 Bxg3
16.hxg3 e5 17.Be2 Re8 18.a4 e4 19.Nh2 Nf8 20.Ra1 Bd7 21.Ra3 Ne6 22.Qc2 Nc7
23.axb5 axb5 24.Rfa1 Rxa3 25.Rxa3 Rb8 26.Ra7 Qd8 27.Qa2 Ra8 28.Qa5 Nfe8 29.f4 Rxa7
30.Qxa7 Qa8 31.Qa5 g6 32.g4 f6 33.Kf2 Kf7 34.Kg3 Ke7 35.Qxa8 Nxa8 36.Kh4 Ng7
37.Nf1 Nc7 38.Ng3  1/2-1/2

[Event "30th Liechtenstein Open 2012"]
[Site "Triesen LIE"]
[Date "2012.05.11"]
[Round "1.3"]
[White "Hera,I"]
[Black "Plieger,J"]
[Result "1-0"]
[WhiteElo "2567"]
[BlackElo "1961"]

1.d4 d5 2.c4 c6 3.Nc3 Nf6 4.e3 e6 5.Nf3 Bd6 6.Bd3 Nbd7 7.Qc2 O-O 8.O-O e5
9.cxd5 cxd5 10.e4 dxe4 11.Nxe4 Bb8 12.Nxf6+ Qxf6 13.Bxh7+ Kh8 14.Bg5 Qb6
15.Be7 Re8 16.Ng5 Qe6 17.Nxe6 Nf6 18.Ng5  1-0

[Event "Asian Continental 2012"]
[Site "Ho Chi Minh City VIE"]
[Date "2012.05.12"]
[Round "8.24"]
[White "Lou Yiping"]
[Black "Adhiban,Baskaran"]
[Result "0-1"]
[WhiteElo "2428"]
[BlackElo "2555"]

1.d4 d5 2.c4 e6 3.Nc3 c6 4.e3 Nf6 5.Nf3 Nbd7 6.Bd3 dxc4 7.Bxc4 b5 8.Bd3 Bd6
9.O-O O-O 10.a3 Bb7 11.Bd2 a5 12.Rc1 Rc8 13.Ne2 b4 14.axb4 Bxb4 15.Bxb4 axb4
16.Nf4 c5 17.Qe2 cxd4 18.Rxc8 Qxc8 19.exd4 Qb8 20.Ne5 Qd6 21.Rd1 Nb6 22.Nh5 Nbd5
23.Nxf6+ Nxf6 24.Bc4 Rc8 25.h3 Rc7 26.Qe3 Nd5 27.Qb3 Nf4 28.Bf1 f6 29.Ng4 h5
30.Ne3 h4 31.Qa4 Kf7 32.Qb5 Bd5 33.Ra1 Rb7 34.Qa5 Rc7 35.Qb5 Be4 36.Qb8 Rd7
37.Qh8 Qxd4 38.Bb5 Rd8 39.Qxh4 Bd3 40.Kh2 Bxb5 41.g3 Ng6 42.Qh5 Qxb2  0-1

[Event "Open Hradec Kralove 2012"]
[Site "Hradec Kralove CZE"]
[Date "2012.05.12"]
[Round "1"]
[White "Svitil,Radek"]
[Black "Szucs,Matyas"]
[Result "0-1"]
[WhiteElo "1593"]
[BlackElo "1861"]

1.d4 d5 2.c4 e6 3.Nf3 c6 4.e3 Nf6 5.Nc3 Nbd7 6.Qc2 Bd6 7.b3 O-O 8.Bd3 b6
9.O-O Bb7 10.cxd5 exd5 11.Bb2 Rc8 12.Rac1 c5 13.dxc5 bxc5 14.e4 d4 15.Nb5 Bb8
16.Na3 Re8 17.Rfe1 Ne5 18.Nxe5 Rxe5 19.Nc4 Rh5 20.e5 Nd5 21.Bf5 Rc6 22.Na5  0-1

[Event "10th Somov Memorial"]
[Site "Kirishi RUS"]
[Date "2012.05.12"]
[Round "1"]
[White "Styazhkina,A"]
[Black "Antal,T"]
[Result "0-1"]
[WhiteElo "2107"]
[BlackElo "2345"]

1.d4 d5 2.c4 e6 3.Nc3 c6 4.e3 Nf6 5.Nf3 Nbd7 6.Qc2 Bd6 7.Bd3 O-O 8.O-O dxc4
9.Bxc4 b5 10.Bd3 Bb7 11.Ng5 h6 12.Nge4 Be7 13.Nxf6+ Nxf6 14.Ne4 Nxe4 15.Bxe4 Qb6
16.a4 Rfc8 17.Rd1 c5 18.Bxb7 Qxb7 19.axb5 Qxb5 20.d5 exd5 21.Rxd5 Bf6 22.e4 Qb4
23.g3 Qe1+ 24.Kg2 Re8 25.Rb1 Qxe4+ 26.Qxe4 Rxe4 27.Rxc5 Re1 28.b4 Bd4 29.Rc4 Bb6
30.Rb3 Rae8 31.Rf3 f6 32.Bb2 Rd1 33.Rc2 Ree1 34.Bc3 Rg1+ 35.Kh3 Rd5 36.Kh4 Rh1
37.h3 Bd8 38.g4 Rg1 39.Rd2 f5+ 40.Kh5 Kh7 41.gxf5 g6+  0-1

[Event "German Team Cup 2012"]
[Site "Norderstedt GER"]
[Date "2012.05.12"]
[Round "1.4"]
[White "Gustafsson,J"]
[Black "Nogly,C"]
[Result "1-0"]
[WhiteElo "2625"]
[BlackElo "2278"]

1.d4 d5 2.c4 c6 3.Nc3 Nf6 4.e3 e6 5.Nf3 Nbd7 6.Qc2 b6 7.Bd3 Bb7 8.O-O Be7
9.b3 O-O 10.Bb2 h6 11.Rac1 Qc7 12.cxd5 exd5 13.Ne2 Rad8 14.Ng3 Rfe8 15.Rfe1 Qb8
16.Qe2 Bf8 17.Ne5 Nxe5 18.dxe5 Nd7 19.f4 g6 20.h4 Nc5 21.Rxc5 Bxc5 22.h5 g5
23.Nf5 Re6 24.Qg4 Kf8 25.fxg5 Rxe5 26.gxh6 Rxf5 27.Bxf5 Ke7 28.Qg5+  1-0

[Event "Asian Continental 2012"]
[Site "Ho Chi Minh City VIE"]
[Date "2012.05.13"]
[Round "9.20"]
[White "Ju Wenjun"]
[Black "Ton,T"]
[Result "1-0"]
[WhiteElo "2529"]
[BlackElo "2144"]

1.d4 d5 2.c4 c6 3.Nc3 Nf6 4.e3 e6 5.Nf3 Nbd7 6.Qc2 Bd6 7.Bd3 dxc4 8.Bxc4 b5
9.Bd3 Bb7 10.O-O O-O 11.Rd1 Qe7 12.e4 e5 13.Ne2 a6 14.Bg5 c5 15.dxc5 Nxc5
16.Ng3 Nxd3 17.Qxd3 Bc5 18.Nh5 Qe6 19.Bxf6 gxf6 20.Nd4  1-0

[Event "Asian Continental 2012"]
[Site "Ho Chi Minh City VIE"]
[Date "2012.05.13"]
[Round "9.1"]
[White "Salem,AR"]
[Black "Negi,P"]
[Result "1-0"]
[WhiteElo "2528"]
[BlackElo "2640"]

1.d4 d5 2.c4 c6 3.Nc3 Nf6 4.e3 e6 5.Nf3 Nbd7 6.Bd3 dxc4 7.Bxc4 b5 8.Bd3 Bd6
9.b3 Bb7 10.Bb2 O-O 11.Rc1 a6 12.Ne4 Bb4+ 13.Kf1 Be7 14.Nc5 Nxc5 15.dxc5 a5
16.Qc2 h6 17.g4 Nd7 18.Rd1 Qc7 19.g5 Bxg5 20.Nxg5 hxg5 21.Rg1 f5 22.Rxg5 Nf6
23.f4 Qe7 24.Be5 Ng4 25.Rxg4 fxg4 26.Bh7+ Kh8 27.Be4 Rad8 28.Rd6 Qh4 29.Qd2 b4
30.Qe2 Kg8 31.Bg2 g3 32.hxg3 Qxg3 33.Qd3 Qh4 34.Qc4 Qg4 35.Kf2 Qf5 36.Bf3 Rde8
37.Kg3 Qb1 38.Rd1 Qxa2 39.Be4 a4 40.Rd7 Rf7 41.Bh7+ Kxh7 42.Rxf7 Qb1 43.Rxg7+ Kh6
44.f5 Qg1+ 45.Kf3 Qd1+ 46.Kf2 Qd2+ 47.Kg3 Qe1+ 48.Kh2 Qf2+ 49.Rg2  1-0

[Event "Asian Continental 2012"]
[Site "Ho Chi Minh City VIE"]
[Date "2012.05.13"]
[Round "9.21"]
[White "Nezad,H"]
[Black "Sethuraman,S"]
[Result "1/2-1/2"]
[WhiteElo "2393"]
[BlackElo "2546"]

1.d4 d5 2.c4 c6 3.Nc3 Nf6 4.e3 e6 5.Nf3 Nbd7 6.Qc2 Bd6 7.Bd3 O-O 8.O-O dxc4
9.Bxc4 b5 10.Bd3 Bb7 11.a3 a6 12.b4 a5 13.Rb1 axb4 14.axb4 Qe7 15.e4 e5 16.Ne2 Bxb4
17.Ng3 g6 18.dxe5 Ng4 19.Bg5 Qc5 20.e6 fxe6 21.Qb3 Nde5 22.Nxe5 Nxe5 23.Be2 Ba3
24.Qxe6+ Nf7 25.Be3 Qe7 26.Qb3 Bd6 27.Qc2 Ng5 28.f4 Ne6 29.e5 Bc5 30.Bxc5 Qxc5+
31.Qxc5 Nxc5 32.Bf3 Rad8 33.Ne2  1/2-1/2

[Event "ch-USA 2012"]
[Site "Saint Louis USA"]
[Date "2012.05.13"]
[Round "6"]
[White "Kaidanov,G"]
[Black "Hess,Ro"]
[Result "0-1"]
[WhiteElo "2594"]
[BlackElo "2635"]

1.d4 d5 2.c4 c6 3.Nf3 Nf6 4.Nc3 e6 5.e3 a6 6.b3 Bb4 7.Bd2 O-O 8.Bd3 Bd6 9.O-O Nbd7
10.Qc2 e5 11.cxd5 cxd5 12.e4 exd4 13.Nxd5 Nxd5 14.exd5 Nf6 15.Rae1 Bg4 16.Nxd4 Rc8
17.Qb1 Rc5 18.Bg5 Rxd5 19.Bxh7+ Kh8 20.Nf5 Nxh7 21.Bxd8 Bxf5 22.Qc1 Rxd8
23.Rd1 Bd3 24.Rfe1 Kg8 25.Qc3 Nf6 26.h3 Bb8 27.Re3 Bb5 28.Rxd5 Nxd5 29.Qd4 Bc7
30.Re1 Nf4 31.Qa1 Bb6 32.Rd1 Bd4 33.Qb1 Bd3  0-1

[Event "30th Liechtenstein Open 2012"]
[Site "Triesen LIE"]
[Date "2012.05.13"]
[Round "3.3"]
[White "Hera,I"]
[Black "Froewis,G"]
[Result "1/2-1/2"]
[WhiteElo "2567"]
[BlackElo "2363"]

1.d4 d5 2.c4 c6 3.Nc3 Nf6 4.e3 e6 5.Nf3 Nbd7 6.Qc2 Bd6 7.Bd3 O-O 8.O-O dxc4
9.Bxc4 a6 10.Rd1 b5 11.Bd3 Qc7 12.Bd2 c5 13.Ne4 c4 14.Nxd6 Qxd6 15.Be2 Bb7
16.b3 Bd5 17.Qb2 Ne4 18.Be1 f5 19.Rdc1 Rfc8 20.Ba5 Qc6 21.Ne1 Qd6 22.f3 Nef6
23.Nc2 Rab8 24.Be1 Qb6 25.Rab1 Qa7 26.Qa3 f4 27.e4 cxb3 28.axb3 Nxe4 29.fxe4 Rxc2
30.Rxc2 Qxd4+ 31.Kf1 Qxe4 32.Bd1 Qd3+ 33.Kg1 Qe3+ 34.Kf1 Qd3+ 35.Kg1 Qe3+
36.Bf2 Qe4 37.Bh4 Qe3+ 38.Bf2 Qe4 39.Bh4 Qe3+ 40.Kh1 Qd3 41.Bf2 f3 42.gxf3 Rf8
43.Qb2 Rxf3 44.Kg1 Qg6+ 45.Bg3 Rxg3+ 46.hxg3 Qxg3+ 47.Kf1 Qh3+ 48.Ke1 Qh1+
49.Kd2 Qh6+ 50.Ke2 Qh2+ 51.Ke1 Qh1+  1/2-1/2

[Event "Open Hradec Kralove 2012"]
[Site "Hradec Kralove CZE"]
[Date "2012.05.14"]
[Round "3"]
[White "Vlckova,Katerina"]
[Black "Kastner,O"]
[Result "0-1"]
[WhiteElo "1829"]
[BlackElo "2102"]

1.d4 d5 2.c4 c6 3.Nf3 Nf6 4.e3 e6 5.Nc3 Bd6 6.Qc2 Nbd7 7.b3 O-O 8.Bd3 a6
9.O-O Re8 10.Bb2 b5 11.e4 b4 12.e5 bxc3 13.Bxc3 Bf8 14.exf6 Nxf6 15.Ne5 Bb7
16.c5 g6 17.b4 Nh5 18.f4 Ng7 19.a4 Nf5 20.Rae1 f6 21.Nf3 Qd7 22.a5 Nh6 23.Qf2 Ng4
24.Qh4 f5 25.h3 Nh6 26.Ng5 Bc8 27.Re3 Qe7 28.Rfe1 Qf6 29.R1e2 Ra7 30.Kf1 Kh8
31.Ke1 Rae7 32.Kd1 Ng8 33.Qg3 Qg7 34.Qe1 Qf6 35.Re5 h6 36.Nf3 Qg7 37.g4 Nf6
38.gxf5 gxf5 39.Nh4 Qg8 40.Bxf5 Rg7 41.Ng6+ Rxg6 42.Bxg6 Qxg6 43.f5 Qh7 44.Rg2 Ne4
45.Bb2 Bg7 46.Rxe4 dxe4 47.Qxe4 Qxf5 48.Qxc6 Bd7 49.Qb7 Qb1+ 50.Bc1 Qd3+
51.Rd2 Ba4+ 52.Ke1 Qe3+ 53.Kf1 Qxh3+ 54.Rg2 Rf8+ 55.Ke2 Bb5+ 56.Kd2 Qd3+  0-1

[Event "85th ch-St Petersburg"]
[Site "St Petersburg RUS"]
[Date "2012.05.14"]
[Round "10"]
[White "Shimanov,A"]
[Black "Goganov,A"]
[Result "1/2-1/2"]
[WhiteElo "2600"]
[BlackElo "2523"]

1.d4 d5 2.c4 c6 3.Nf3 Nf6 4.Nc3 e6 5.e3 Nbd7 6.Qc2 Bd6 7.Bd3 O-O 8.O-O dxc4
9.Bxc4 a6 10.e4 e5 11.Rd1 Qc7 12.h3 b5 13.Bb3 exd4 14.Nxd4 Nc5 15.Bg5 Be5
16.Bxf6 Bxf6 17.Nxc6 Nxb3 18.Nd5 Nxa1 19.Qc5 Qb7 20.Nce7+ Bxe7 21.Nxe7+ Kh8
22.Ng6+ hxg6 23.Qxf8+ Kh7 24.Rd8 g5 25.Qh8+ Kg6 26.Rg8 f5 27.exf5+ Kxf5 28.Qh7+ Kf6
29.Rf8+ Ke5 30.Qg6 Be6 31.Qxg5+ Kd6 32.Qg3+ Kc6 33.Qf3+ Bd5 34.Qc3+ Kb6 35.Qe3+ Kc6
36.Qc3+ Kb6 37.Qe3+ Kc6 38.Qc3+ Kb6 39.Qe3+ Kc6 40.Qc3+ Kb6  1/2-1/2

[Event "30th Liechtenstein Open 2012"]
[Site "Triesen LIE"]
[Date "2012.05.14"]
[Round "4.4"]
[White "Ovsejevitsch,S"]
[Black "Schachinger,M"]
[Result "1/2-1/2"]
[WhiteElo "2572"]
[BlackElo "2385"]

1.d4 d5 2.c4 c6 3.Nf3 Nf6 4.Nc3 e6 5.e3 Nbd7 6.Bd3 dxc4 7.Bxc4 b5 8.Be2 Bb7
9.O-O Be7 10.a3 a5 11.e4 b4 12.e5 bxc3 13.exf6 Bxf6 14.bxc3 c5 15.Rb1 Be4
16.Bd3 Bxd3 17.Qxd3 O-O 18.Rb5 Rc8 19.Bd2 a4 20.Rd1 Re8 21.Be1 cxd4 22.cxd4 Qc7
23.Bb4 e5 24.dxe5 Nxe5 25.Nxe5 Bxe5 26.g3 Red8 27.Rd5 Rxd5 28.Qxd5 h6  1/2-1/2

[Event "FSIM May 2012"]
[Site "Budapest HUN"]
[Date "2012.05.15"]
[Round "11"]
[White "Kojima,S"]
[Black "Wang Xinyue"]
[Result "1-0"]
[WhiteElo "2264"]
[BlackElo "2041"]

1.Nf3 d5 2.d4 Nf6 3.c4 c6 4.Nc3 e6 5.e3 Nbd7 6.Qc2 Bd6 7.Bd3 dxc4 8.Bxc4 b5
9.Bd3 Bb7 10.O-O O-O 11.Ng5 h6 12.Nge4 Nxe4 13.Nxe4 Be7 14.Rd1 Qb6 15.a3 c5
16.Nxc5 Nxc5 17.dxc5 Qc6 18.f3 Bxc5 19.b4 Bb6 20.Qe2 Rfd8 21.Bb2 a6 22.Rac1 Qe8
23.Bb1 Qe7 24.Kf1 e5 25.e4 Qg5 26.Ba2 Be3 27.h4 Qf4 28.g3 Qxg3 29.Qxe3 Rxd1+
30.Rxd1 Bc8 31.Ke2 a5 32.Rg1 Qxh4 33.Bxe5 g5 34.Qb6  1-0

[Event "Open Hradec Kralove 2012"]
[Site "Hradec Kralove CZE"]
[Date "2012.05.15"]
[Round "5"]
[White "Mares,I"]
[Black "Kolibik,J"]
[Result "1/2-1/2"]
[WhiteElo "1813"]
[BlackElo "1679"]

1.Nf3 Nf6 2.c4 e6 3.Nc3 d5 4.d4 c6 5.e3 Nbd7 6.Bd3 dxc4 7.Bxc4 Bb4 8.O-O O-O
9.a3 Bxc3 10.bxc3 b5 11.Bd3 a6 12.Qc2 h6 13.Ne5 Bb7 14.a4 Nxe5 15.dxe5 Nd7
16.f4 Qb6 17.a5 Qa7 18.Qf2 Rfd8 19.Ba3 c5 20.Bc2 Bc6 21.Rfd1 Qb7 22.Rd6 c4
23.Rad1 Qc7 24.Bb4 Nf8 25.e4 Rxd6 26.exd6 Qb7 27.Re1 Nd7 28.f5 e5 29.g4 Qa7
30.Qxa7 Rxa7 31.Kf2 f6 32.h4 Ra8 33.Rg1 Kf7 34.Ke3 Rh8 35.Bd1 Bb7 36.Bf3 Nb8
37.g5 hxg5 38.hxg5 Nd7 39.g6+  1/2-1/2

[Event "Serbia Cup Final 2012"]
[Site "Kragujevac SRB"]
[Date "2012.05.15"]
[Round "2"]
[White "Pavlovic,G1"]
[Black "Ivanisevic,I"]
[Result "1/2-1/2"]
[WhiteElo "2394"]
[BlackElo "2655"]

1.d4 d5 2.c4 c6 3.Nf3 Nf6 4.e3 e6 5.Nc3 Nbd7 6.b3 Bb4 7.Bd2 Qe7 8.Be2 O-O
9.O-O b6 10.Qc2 Bb7 11.Bd3 dxc4 12.bxc4 c5 13.Ne5 Nxe5 14.dxe5 Ng4 15.a3 Ba5
16.Bxh7+ Kh8 17.Be4 Bxc3 18.Bxc3 Qh4 19.h3 Nxe3 20.fxe3 Bxe4 21.Qe2 Rad8
22.Rf4 Qh7 23.Qf2 g5 24.Rg4 Bf5 25.Rxg5 Rg8 26.Rxg8+ Kxg8 27.e4 Bxe4 28.Re1 Rd3
29.Re3 Rxe3 30.Qxe3 Qg6 31.g4 Bc6 32.Kf2 Qc2+ 33.Qd2 Qxd2+ 34.Bxd2 Be4 35.Ke3 Bg2
36.h4 Bf1 37.h5 Bxc4 38.Be1 Bb3 39.Ke2 Kf8 40.Kd2 Ba2 41.Bh4 Ke8 42.h6 Bb1
43.Kc3 Kd7 44.Kc4 Kc6 45.Bd8 Bg6 46.g5 b5+ 47.Kc3 Kd5 48.Bc7 a5 49.Bxa5 Kxe5
50.Bc7+ Kf5 51.Bd8 e5 52.Be7 Kf4 53.Bxc5 Kxg5 54.Be7+ f6 55.Kb4 e4 56.Kc3 e3
57.Bd8 Bh7 58.Be7 Kf5 59.Kd4 e2 60.Bb4 Kf4 61.Be1 Kf3 62.Kc5 Kg2 63.Kxb5 f5
64.a4 f4 65.a5 f3 66.a6 f2 67.Bxf2 Kxf2 68.a7 e1=Q 69.a8=Q Bd3+ 70.Kc5 Qc1+
71.Kb6 Qe3+ 72.Kc7 Qf4+ 73.Kb6 Qe3+ 74.Kc7 Qxh6  1/2-1/2